[Event "Master"]
[Site "Dortmund"]
[Date "1999.07.18"]
[Round "9"]
[White "Poldauf, Dirk"]
[Black "Naiditsch, Arkadij"]
[Result "1/2-1/2"]
[WhiteElo "2453"]
[BlackElo "2417"]
[PlyCount "76"]

1. c4 Nf6 2. g3 c6 3. Nf3 g6 4. Bg2 Bg7 5. O-O O-O 6. Qc2 d5 7. b3 Re8 8. Bb2
Nbd7 9. Ne5 Nxe5 10. Bxe5 Nh5 11. Bxg7 Kxg7 12. cxd5 cxd5 13. Nc3 Nf6 14. Rac1
a6 15. Na4 Bg4 16. f3 Rc8 17. Qb2 Bd7 18. Nc5 Bb5 19. d4 b6 20. Na4 Qd6 21. Nc3
Bd7 22. Nb1 Rxc1 23. Rxc1 e5 24. dxe5 Qxe5 25. Qxe5 Rxe5 26. Kf2 d4 27. Nd2 Bb5
28. Bf1 a5 29. Rc7 Nd5 30. Nc4 Re6 31. Rc8 Nb4 32. a4 Ba6 33. Rc7 Kf8 34. f4
Na2 35. Bh3 Re7 36. Rc6 Nc1 37. Ne5 Nxb3 38. Rxb6 Nc5 1/2-1/2

[Event "Master"]
[Site "Dortmund"]
[Date "1999.07.18"]
[Round "9"]
[White "Bischoff, Klaus"]
[Black "Maric, Alisa"]
[Result "1/2-1/2"]
[WhiteElo "2509"]
[BlackElo "2489"]
[PlyCount "80"]

1. d4 Nf6 2. c4 e6 3. Nc3 Bb4 4. e3 O-O 5. Bd3 d5 6. cxd5 exd5 7. Nge2 Re8 8.
Bd2 Bf8 9. Qc2 c5 10. dxc5 Bxc5 11. Nb5 Na6 12. O-O Bg4 13. Nbd4 Bxd4 14. Nxd4
Rc8 15. Qb1 Nc5 16. Rc1 Bh5 17. b4 Nxd3 18. Qxd3 Bg6 19. Qb5 Qd7 20. Qxd7 Nxd7
21. Nb5 Nb6 22. Nd6 Rxc1+ 23. Rxc1 Rb8 24. Rc7 Nc4 25. Nxc4 dxc4 26. Rxc4 f6
27. Bc3 Bf7 28. Rc7 Bxa2 29. g4 Be6 30. g5 Rc8 31. Rxc8+ Bxc8 32. gxf6 g6 33.
f3 Kf7 34. Kf2 b6 35. e4 Ba6 36. Ke3 Bf1 37. h4 h5 38. Kf4 a5 39. bxa5 bxa5 40.
Kg5 a4 1/2-1/2